Querétaro : (Record no. 12005)
[ view plain ]
| 000 -CABECERA | |
|---|---|
| campo de control de longitud fija | 01138nam a2200265 4500 |
| 003 - IDENTIFICADOR DEL NÚMERO DE CONTROL | |
| campo de control | OSt |
| 005 - FECHA Y HORA DE LA ÚLTIMA TRANSACCIÓN | |
| campo de control | 20260530113907.0 |
| 008 - DATOS DE LONGITUD FIJA--INFORMACIÓN GENERAL | |
| campo de control de longitud fija | 260508b2007 mx a|||| |||| 00| 0 spa d |
| 040 ## - FUENTE DE LA CATALOGACIÓN | |
| Centro catalogador/agencia de origen | ICI |
| Lengua de catalogación | spa |
| Centro/agencia transcriptor | ICI |
| 050 4# - SIGNATURA TOPOGRÁFICA DE LA BIBLIOTECA DEL CONGRESO | |
| Número de clasificación | NK845.Q84 |
| Número de documento/Ítem | Q84 |
| 245 00 - MENCIÓN DE TÍTULO | |
| Título | Querétaro : |
| Resto del título | diseño e iconografía : geometrías de la imaginación / |
| Mención de responsabilidad, etc. | Coordinador, Roberto Villaseñor González |
| 246 30 - FORMA VARIANTE DE TÍTULO | |
| Título propio/Titulo breve | Diseño e iconografía |
| Resto del título | Querétaro : geometrías de la imaginación |
| 264 #1 - PRODUCCIÓN, PUBLICACIÓN, DISTRIBUCIÓN, FABRICACIÓN Y COPYRIGHT | |
| Nombre del de productor, editor, distribuidor, fabricante | CONACULTA, Direccion General de Culturas Populares e Indigenas, |
| Fecha de producción, publicación, distribución, fabricación o copyright | 2007 |
| Producción, publicación, distribución, fabricación y copyright | México, D.F. : |
| 300 ## - DESCRIPCIÓN FÍSICA | |
| Extensión | 176 páginas |
| Dimensiones | 27cm. |
| 336 ## - TIPO DE CONTENIDO | |
| Término de tipo de contenido | texto |
| Fuente | rdacontent |
| 337 ## - TIPO DE MEDIO | |
| Nombre/término del tipo de medio | sin medio |
| Fuente | rdamedia |
| 338 ## - TIPO DE SOPORTE | |
| Nombre/término del tipo de soporte | volumen |
| Fuente | rdacarrier |
| 500 ## - NOTA GENERAL | |
| Nota general | Coedición con: Instituto Queretano de las Culturas y las Artes : Instituto Nacional de Antropologia e Historia : Instituto de Cultura del Municipio de Querétaro |
| 500 ## - NOTA GENERAL | |
| Nota general | "Arte Popular de México" |
| 650 4# - PUNTO DE ACCESO ADICIONAL DE MATERIA--TÉRMINO DE MATERIA | |
| Término de materia o nombre geográfico como elemento de entrada | Arte popular |
| Subdivisión geográfica | Querétaro |
| 9 (RLIN) | 32958 |
| 650 4# - PUNTO DE ACCESO ADICIONAL DE MATERIA--TÉRMINO DE MATERIA | |
| Término de materia o nombre geográfico como elemento de entrada | Simbolismo en el arte |
| Subdivisión geográfica | Querétaro |
| 9 (RLIN) | 32959 |
| 650 4# - PUNTO DE ACCESO ADICIONAL DE MATERIA--TÉRMINO DE MATERIA | |
| Término de materia o nombre geográfico como elemento de entrada | Tejeduría |
| Subdivisión geográfica | Querétaro |
| 9 (RLIN) | 32960 |
| 700 1# - PUNTO DE ACCESO ADICIONAL--NOMBRE DE PERSONA | |
| Nombre de persona | Villaseñor González, Roberto, |
| Término indicativo de función/relación | editor |
| 9 (RLIN) | 32961 |
| 942 ## - ELEMENTOS DE PUNTO DE ACCESO ADICIONAL (KOHA) | |
| Fuente del sistema de clasificación o colocación | Library of Congress Classification |
| Tipo de ítem Koha | |
No items available.